| 000 | 00465nam a2200193Ia 4500 | ||
|---|---|---|---|
| 003 | GCL | ||
| 008 | 140319s9999 xx 000 0 aITALIAN d | ||
| 040 |
_aGCL / _cGCL |
||
| 082 | 0 | 4 |
_a069 _bN P |
| 100 | 1 | _aNAMAT, ALMY | |
| 245 | 1 | 0 |
_aPYCCKOM MUSEUM / _cNAMAT, ALMY |
| 260 |
_a[S.N] : _bPOCCO MUSEUM ، _c1967 |
||
| 300 | _a48 P | ||
| 650 | 0 | 4 | _aMUSEUMS |
| 650 | 0 | 4 | _aART, RUMANIA |
| 650 | 0 | 4 | _aPYCCKOM, MUSEUMS |
| 650 | 0 | 4 | _aART, RUSSIA |
| 942 |
_2ddc _cBK |
||
| 999 |
_c20630 _d20630 |
||